Raz a dosť - možno o osem rokov

Elektronizácia verejnej správy sa v posledných rokoch zabrzdila, no už sa reštartuje. Čo by malo byť a kedy.

Salvato in:
Dettagli Bibliografici
Autore principale: Lehuta, Michal
Natura: Capitolo di libro
Lingua:slovacco
Soggetti:
Tags: Aggiungi Tag
Nessun Tag, puoi essere il primo ad aggiungerne!!

MARC

LEADER 00000naa a2200000 4500
001 0160471
005 20231113080220.3
041 0 |a slo 
044 |a SK 
245 1 0 |a Raz a dosť - možno o osem rokov  |c Michal Lehuta 
520 |a Elektronizácia verejnej správy sa v posledných rokoch zabrzdila, no už sa reštartuje. Čo by malo byť a kedy. 
610 2 0 |a správa verejná elektronická 
100 1 |a Lehuta, Michal